000 00645nam a22001697a 4500
003 OSt
005 20171010095525.0
008 120824t xxu||||| |||| 00| 0 eng d
040 _aMMSU
_cULS
100 _aVirtudazo, Raymond R.
_912334
245 _aMorphology and characterization of synthesized hybrid organosilica materials incorporating a biphenyl moiety
_cRaymond R. Virtudazo
260 _c2006
300 _axvii, 168 leaves
_c28 cm.
500 _aThesis (MS Materials Science & Engineering) -- University of the Philippines-College of Engineering, Diliman, Quezon City
504 _aBibliography: leaves 93-102
942 _2ddc
_cTHEDIS
999 _c9778
_d9778